Statistics for Hyrule Warriors Weapons

Click here to take the quiz!

General Stats

  • This quiz has been taken 22 times
  • The average score is 24 of 46

Answer Stats

Answer% Correct
Boots and Cuccos
92%
Dual Crossbows
92%
Giant Hammer
92%
Master Sword
92%
Balloon/ Gold Statues/ Wallet and Rupees
85%
Bell
85%
Great Fairy
85%
Harp and Kunai
85%
Mirror
85%
Rito Harp
85%
Epona
77%
Fire Rod
77%
Naginata
77%
Trident
77%
Zora Wrist Scale
77%
Dominion Rod
69%
Ocarina/ Tael/ Tatl
69%
Spinner
69%
Deku Spear
62%
Hylian Sword
62%
Light Rapier/ Light Bow
62%
Ring
62%
Sail
62%
Baton
54%
Cutlass
54%
Sand Wand and Spirit Train
54%
Gauntlets and Flail
46%
Parasol and Umbrella
46%
Summoning Gate
46%
Giant Blade
38%
Great Swords
38%
Light Sword
38%
Dragon Spear
31%
Kokiri Sword
31%
Book of Sorcery
23%
Demon Blade/ Large Sword and Daggers
23%
Goddess Blade
23%
Double Helix Sword
15%
Hair Shackle
15%
Suit of Armor
15%
Cucco's Spirit
8%
Dual Scimitars
8%
Fire Hammer
8%
Flail Scepter
8%
Ganon's Rage
8%
Magic Paintings
8%

Score Distribution

Percentile by Number Answered

Percent of People with Each Score

Your Score History

You have not taken this quiz